=LDR 00000nam 2200000 4500 =001 INLIS000000000020375 =005 20130612115330 =008 ***********************************Ind** =035 ##$$0010-061300000020375 =041 ##$$a Ind =082 ##$$a 658.409 2 =090 ##$$a 658.409 2, Tho k =100 ##$$a Thoha, Miftah =245 ##$$a Kepemimpinan dalam manajemen, suatu pendekatan perilaku, Miftah Thoha =260 ##$$a 2003 $b Jakarta =300 ##$$a x, 134 hlm, 21 cm =650 ##$$a Manajemen Kepemimpinan =850 ##$$a NBPNMAT